| 000 | 00532nam a2200169 4500 | ||
|---|---|---|---|
| 001 | VA46036 | ||
| 003 | ES-SlBCS | ||
| 005 | 20210601160045.0 | ||
| 008 | 140520s1969 xxu||||| |||| 00| 0 spa d | ||
| 041 | _aspa | ||
| 100 | 1 |
_aGuerrero López, Eustaquio _927688 |
|
| 245 | 1 | 0 |
_aTeilhard de Chardin _b:Aspectos fundamentales de su obra. Exposición y valoración _cEustaquio Guerrero López |
| 260 |
_aMadrid : _bStudium _c, 1969 |
||
| 300 |
_a179 p.; _c19 cm |
||
| 600 | 0 | 4 |
_aTeilhard de Chardin, Pierre _d, 1881-1955 _998882 |
| 942 | _cBK | ||
| 999 |
_c824987 _d824987 |
||